00609nam a2200205Ia 450000500170000000800410001704000190005804100120007708200150008910000190010424500910012326000370021430000200025144000200027150400400029165000270033165100130035870000220037185000100039320231202091927.0131103s9999 xx 000 0 und d aLoreto College aEnglish a759.4bFOS aFosca,Francois aNineteenth century paintersb 1800 - 1870 cFrancois Fosca;translated by Peter Simmons aNew YorkbUniverse Bookscc 1960 a152 p.b illus. aFrench Painting aIncludes bibliographical references aPainting - 1800 - 1870 aPainters aSimmons,Peter,tr. aLCLIB